000 00291nam a2200109Ia 4500
008 200302s9999 xx 000 0 und d
100 _aJi hyun Choi (Ed.)
245 _aInterior World Design & Detail Vol 70; Medical
260 _bArchiworld Publication, Korea
260 _c2008
300 _a188
999 _c4457
_d4457